| 000 | 00842nam a2200241Ia 4500 | ||
|---|---|---|---|
| 999 |
_c7799 _d7799 |
||
| 003 | GCL | ||
| 005 | 20240530095506.0 | ||
| 008 | 140319s9999 xx 000 0 ara d | ||
| 020 | _a2219305977 | ||
| 040 |
_aGCL / _cGCL |
||
| 082 | 0 | 4 |
_a791.43 _bس ز |
| 100 | 1 | _aسمير فريد | |
| 245 | 1 | 0 |
_aزوزو حمدى الحكيم رائدة للتمثيل والتنوير / _cسمير فريد |
| 250 | _aالاولى | ||
| 260 |
_aالقاهرة : _bوزارة الثقافة - صندوق التنمية الثقافية ، _c2000 |
||
| 300 |
_a120ص ؛ _c20سم |
||
| 650 | 0 | 4 | _aالسينما |
| 650 | 0 | 4 | _aالسينما - تراجم |
| 650 | 0 | 4 | _aالممثلون والممثلات المصريون |
| 650 | 0 | 4 | _aالممثلون والممثلات فى الفن |
| 650 | 0 | 4 | _aزوزو حمدى الحكيم |
| 942 |
_2ddc _cBK |
||